| 000 | 00468ntaaa2200181 4500 | ||
|---|---|---|---|
| 003 | 01 | ||
| 005 | 20251027201223.0 | ||
| 008 | 0714s1973 ag 01 | ||
| 040 |
_aAR-BaBN _bspa _cAR-BaBN _eaacr _dRIC |
||
| 082 | _a220.9 J62 | ||
| 100 |
_aJoin-Lambert, Michel _910208 |
||
| 245 |
_aJerusalem / _cMichel Join-Lambert |
||
| 250 |
_a1 ed. : _bElek Books, _cc/958 |
||
| 300 | _a223 p. | ||
| 500 | _a(Ancient cities and temples) | ||
| 650 |
_aArqueologÃa _95159 |
||
| 942 | _cBK | ||
| 999 |
_c6535 _d6535 |
||